01019nam a22002657a 450000500170000001000130001702000110003003500130004103700160005404000120007008200240008210000310010624500820013724600570021926000640027627000870034030000210042765000430044865000230049165000340051465000190054894200330056799900190060095201340061920170123162348.0 aA-848397 c100.00 aA-848397 bCen Lib/Ret aDPLbUR a915.8704bق م ر  aقمر رئیس 9134701 aازبکستان :cقمر رئیس bانقلاب سے انقلاب تک / aUzbekistan : inqalab se inqalab tak /bby Qamar Rais aنیی دہلی bتخلیقکار پبلیکیشنزc1997 bنیی دہلی a١٧٧٩، کوچہ دکھنی رائی دریاگنجe110002 a239p. c21cm(Hb) aتاریخ - ازبکستان9109374 aفریڈم9134702 aHistory -- Uzbekistan9134703 aFreedom935100 2ddccURh915.8704mق م ر  c109006d109006 00104070aLbLd2016-02-17eCen Lib/Retg100.00l0o915.8704 ق م رpA-848397r2016-02-17 00:00:00t1v100.00w2016-02-17yUR